000 00326nam a2200145Ia 4500
008 230718s9999 xx 000 0 und d
041 _aEng.
082 _a366.2
_bBON-T
100 _aBones, Chris
245 4 _aThe Self-Reliant
260 _aPakistan
_bNew York Press
_c1894
300 _a129
650 _aLaw
999 _c26140
_d26140